000 00515nam a2200157 i 4500
001 147698
003 ES-MaACL
005 20230906202219.0
007 t|
008 071005s1952 sp ||||1| spa d
100 1 _aUrmeneta, Fermín de.
_9112190
245 1 0 _aPrincipios de filosofía de la historia
_b: (a la luz del pensamiento de Balmes) /
_cmemoria escrita por Fermín de Urmeneta.
260 _aMadrid :
_bImp. Juan Bravo, 3,
_c23 cm.
300 _a219 p. ;
_c23 cm.
852 _aES-MaACL
_jD-7389
_bR.31611
999 _c147698
_d147698